| 000 | 00996nam a22002417a 4500 | ||
|---|---|---|---|
| 999 |
_c19158 _d19158 |
||
| 003 | AR-CdUCM | ||
| 008 | 190516b ||||| |||| 00| 0 spa d | ||
| 020 | _a968-18-2187-4 | ||
| 040 |
_aMUNICIPALIDAD PROVINCIAL DEL CUSCO _cBIBLIOTECA MUNICIPAL DEL CUSCO |
||
| 082 |
_a658 / _bM58 |
||
| 100 |
_aMills, Quinn _940338 |
||
| 245 |
_aComo competir con exito en los negocios : _btécnicas modernas / |
||
| 260 |
_aMéxico : _bLimusa, _c1986. |
||
| 300 |
_a402 paginas ; _c29 cm. |
||
| 500 | _aTitulo original : The new competitors | ||
| 505 | _aContenido :La mejor organización de la cual usted ha formado parte -- La nueva competencia -- Seguridad en el empleo piense en la oportunidad -- Educación de estrellas -- Motivación mediante la retribución... | ||
| 650 |
_aMercado competitivo _940339 |
||
| 650 |
_aSalario por rendimiento _940340 |
||
| 650 |
_aRetribuciones _940341 |
||
| 700 |
_aCalvet perez, Ricardo (Traducción) _910989 |
||
| 942 |
_2ddc _cLIBROS |
||
| 945 |
_awnts _d2019-05-16 |
||